کھر ے کھو ٹے : (Record no. 190902)

MARC details
000 -LEADER
fixed length control field 00623nam a22001937a 4500
005 - DATE AND TIME OF LATEST TRANSACTION
control field 20220810121725.0
010 ## - LCCN (DPL NO)
LC control number UR-11667
020 ## - INTERNATIONAL STANDARD BOOK NUMBER
International Standard Book Number 9789394616196
Terms of availability 300.00
035 ## - SYSTEM CONTROL NUMBER
System control number U-10222
037 ## - SOURCE OF ACQUISITION
Source of stock number/acquisition DBAD/PUB
Stock number -
082 ## - DEWEY DECIMAL CLASSIFICATION NUMBER
Classification number 841.08
100 ## - MAIN ENTRY--PERSONAL NAME
Personal name اظہا ر خضر
245 ## - TITLE STATEMENT
Title کھر ے کھو ٹے :
Remainder of title تبصرے /
Statement of responsibility, etc اظہا ر خضر
246 ## - VARYING FORM OF TITLE
Title proper/short title Khare Khote (Tabserey) /
Remainder of title by Izhar Khizar
260 ## - PUBLICATION, DISTRIBUTION, ETC. (IMPRINT)
Place of publication, distribution, etc New Delhi
Name of publisher, distributor, etc Educational Publishing House
Date of publication, distribution, etc 2022 ء
270 ## - ADDRESS
Address H.O. D1/16, Ansari Road, Darya Ganj
City New Delhi
Postal code 110002
300 ## - PHYSICAL DESCRIPTION
Extent 173 ص
Dimensions 23cm(Hb)
942 ## - ADDED ENTRY ELEMENTS (KOHA)
Source of classification or shelving scheme Dewey Decimal Classification
Item type Urdu Bks
Classification part 841.08
Call number suffix ا ظ ہ
Holdings
Withdrawn status Lost status Not for loan Collection code Home library Current library Date acquired Source of acquisition Cost, normal purchase price Full call number Barcode Copy number Cost, replacement price Koha item type
      Non-fiction Central Library Central Library 10/08/2022 DBADPUB 300.00 841.08 ا ظ ہ U-10222 1 300.00 Urdu Bks

© Delhi Public Library
Hit Counter
free hit counter